Viabilidad técnica y económica para el uso de pellets a partir hojarasca y podas del Campus Rodrigo Facio para la producción de vapor de la Escuela de Ingeniería Química
保存先:
| 第一著者: | |
|---|---|
| フォーマット: | 図書 |
| 言語: | Spanish |
| 出版事項: |
San José, Costa Rica
2017
|
| 主題: | |
| タグ: |
タグ追加
タグなし, このレコードへの初めてのタグを付けませんか!
|
MARC
| LEADER | 00000nam a22000007a 4500 | ||
|---|---|---|---|
| 003 | 012787 | ||
| 005 | 20221231144245.0 | ||
| 008 | 171108b2017 cr a|||| ||m| 00| ||spa d | ||
| 040 | |c cru CEDI | ||
| 090 | |a TFG 7938 | ||
| 100 | |9 10247 |a Chacón Villalobos, Priscilla | ||
| 245 | |a Viabilidad técnica y económica para el uso de pellets a partir hojarasca y podas del Campus Rodrigo Facio para la producción de vapor de la Escuela de Ingeniería Química | ||
| 260 | |a San José, Costa Rica |c 2017 | ||
| 300 | |a xviii, 110[13] hojas ; ilustraciones a color | ||
| 500 | |a Proyecto de graduación (licenciatura en ingeniería química)--Universidad de Costa Rica. Facultad de Ingeniería. Escuela de Ingeniería Química | ||
| 650 | |x PELLETS - PRODUCCION |x RESIDUOS AGRICOLAS |x PELLETS |x APROVECHAMIENTO DE RESIDUOS |x PELLETS DE MADERA - PROPIEDADES TERMICAS |x ENERGIA BIOMASICA |x ENERGIA BIOMASICA - PRODUCCION |x BIOMASA FORESTAL |x Universidad de Costa Rica |x CIUDAD UNIVERSITARIA RODRIGO FACIO (SAN JOSE, COSTA RICA) |9 10248 | ||
| 942 | |c TFG | ||
| 999 | |c 19175 |d 19175 | ||
